01204nab a22002537a 4500999001500000003000400015005001700019008004100036040000700077100002900084245011700113260007200230300001300302500003900315505022900354505008900583650002600672650002900698650001900727650001800746650002900764773014400793942001300937 c5975d5975OSt20260114155613.0190605e xxu||||| |||| 00| 0 spa d cPJ 96781aAlvez, Facundo M. 13aLa problemática en torno a la calificación de los trabajadores de plataformas digitales /cFacundo M. Alvez. aCiudad Autónoma de Buenos Aires :bThomson Reuters La Ley,c2022. ap. 36-41 aCita: TR LALEY AR/DOC/2434/2022.  aSumario: I. Introducción.— II. El problema en torno a la calificación.— III. La crisis de los conceptos legales tradicionales.— IV. Posibles soluciones a la problemática de la calificación.— V. Conclusión.  t¿Te interesa el texto completo? Solicitalo al correo: koha@justierradelfuego.gov.ar 091316aDERECHO LABORAL 09273aDERECHO INFORMATICO 095233aPANDEMIA 09281aINTERNET 091402aJORNADA DE TRABAJO0 0271193168dCiudad Autónoma de Buenos Aires : Thomson Reuters La Ley, 1999-2002.tRevista de derecho del trabajo. Nº 5 - Septiembre 2022 2udccANA